Star Wars - 50 Species - Statistics

General Stats
  • This quiz has been taken 66 times
  • The average score is 22 of 50
Answer Stats
Famous Member Species % Correct
19 Padme Amidala Human
91%
18 Jar Jar Binks Gungan
86%
20 Jabba Hutt
86%
43 Aayla Secura Twi'lek
77%
11 Wicket Ewok
74%
27 Gial Ackbar Mon Calamari
74%
47 Chewbacca Wookiee
74%
25 Lama Su Kaminoan
63%
42 Bossk Trandoshan
63%
15 Poggle the Lesser Geonosian
60%
36 Greedo Rodian
60%
40 Shaak Ti Togruta
57%
49 Eeth Koth Zabrak
57%
07 Thrawn Chiss
54%
02 Figrin D'an Bith
49%
29 Kit Fisto Nautolan
49%
30 Nute Gunray Neimoidian
49%
41 Watto Toydarian
49%
46 Hondo Ohnaka Weequay
49%
04 Ki Adi Mundi Cerean
46%
10 Cad Bane Duros
46%
28 San Hill Muun
46%
38 Nien Nunb Sullustan
46%
01 Ponda Baba Aqualish
43%
09 Sebulba Dug
43%
24 Dathcha Jawa
40%
32 Max Rebo Ortolan
40%
21 Saesee Tiin Iktotchi
37%
26 Luminara Unduli Mirialan
37%
31 Ima-gun-di Nikto
37%
35 Tikkes Quarren
34%
45 Sly Moore Umbaran
34%
14 Zuckuss Gand
31%
37 Wat Tambor Skakoan
31%
17 Ask Aak Gran
29%
23 Momaw Nadon Ithorian
29%
03 Borsk Fey'lya Bothan
26%
13 Gartogg Gamorrean
26%
34 Riyo Chuchi Pantoran
26%
39 Muftak Talz
26%
06 Mas Amedda Chagrian
23%
33 Sy Snootles Pa'lowick
23%
44 Ugloste Ugnaught
23%
48 Joh Yowza Yuzzum
23%
08 Labria Devaronian
20%
05 Kabe Chadra-fan
17%
50 Miraj Scintel Zygerrian
17%
12 Xomit Grunseit Falleen
14%
22 Gume Saam Ishi Tib
14%
16 Dratun Gotal
11%
No matching quizzes found
Score Distribution
Percent of People with Each Score
Percentile by Number Answered
Your Score History
You have not taken this quiz